000 00815cam a2200265 a 4500
001 000010108
005 20200929161840.0
008 940706s1992 sp 001 p spa
020 _a8487417205
040 _aDO-SdBNP
_bspa
_cDLC
_dBNPHU
082 _a861.64
_bH633c
100 1 _aHierro, José
_d1922-2002
_q(José Hierro del Real)
_925099
245 1 0 _aCuanto sé de mí /
_cJosé Hierro.
260 _aMadrid :
_bLa Palma,
_c1992.
300 _a77 p. ;
_c21 cm.
490 1 _aRetorno
500 _aContiene algunas frases dichas por Calderón De La Barca
650 4 _aPoesía española
_9631
650 4 _aLiteratura española
_9632
650 4 _aAventuras
_xPoesías
_925100
650 4 _aSueños
_xPoesías
_925101
830 0 _aRetorno.
_925021
910 _aCatalogación por copia / LC
049 _aBNGR
999 _c9867
_d9867